| 000 | 02410 a2200469 4500 | ||
|---|---|---|---|
| 001 | 22037709 | ||
| 003 | 0000 | ||
| 005 | 20260402130212.0 | ||
| 007 | cr_||||||||||| | ||
| 008 | 210514s2021 flu ob 001 0 eng | ||
| 010 | _a 2021021248 | ||
| 020 | _a9780429283239 | ||
| 020 | _z9780367245726 | ||
| 035 | _a22037709 | ||
| 040 |
_aDLC _beng _cDLC _erda _dDLC |
||
| 042 | _apcc | ||
| 050 | 0 | 0 |
_aG142 _b.F86 2021 |
| 082 | 0 | 0 |
_a778.3/5 _223 |
| 100 |
_4Editor _aFrazier Amy .E |
||
| 245 | 0 | 0 |
_aFundamentals of capturing and processing drone imagery and data / _cedited by Amy E. Frazier and Kunwar K. Singh. |
| 250 | _aFirst edition. | ||
| 264 | 1 |
_aBoca Raton : _bCRC Press, _c2021. |
|
| 300 | _a1 online resource | ||
| 336 |
_atext _btxt _2rdacontent |
||
| 337 |
_acomputer _bc _2rdamedia |
||
| 338 |
_aonline resource _bcr _2rdacarrier |
||
| 500 | _aIncludes bibliographical references and index. | ||
| 504 | _aIncludes bibliographical references and index. | ||
| 520 |
_a"Unmanned Aircraft Systems are rapidly emerging as flexible platforms for capturing imagery and other data across sciences. Many colleges and universities are developing courses on UAS-based data acquisition. This book is a comprehensive, introductory text on how to use unmanned aircraft systems for data capture and analysis. It provides best practices for planning data capture missions and hands-on learning modules geared toward UAS data collection, processing, and applications. Readers will learn how to process different types of UAS imagery for applications such as Precision Agriculture, Forestry, Urban Landscapes, and apply this knowledge in environmental monitoring and land-use studies"-- _cProvided by publisher. |
||
| 588 | _aDescription based on print version record. | ||
| 650 | 0 | _aAerial photography in geography. | |
| 650 | 0 |
_aEnvironmental monitoring _xRemote sensing. |
|
| 650 | 0 |
_aEarth sciences _xRemote sensing. |
|
| 650 | 0 | _aDrone aircraft in remote sensing. | |
| 650 | 0 |
_aDrone aircraft _xScientific applications. |
|
| 700 | 1 |
_aFrazier, Amy E., _eeditor. |
|
| 700 | 1 |
_aSingh, Kunwar K., _eeditor. |
|
| 776 | 0 | 8 |
_iPrint version: _tFundamentals of capturing and processing drone imagery and data _bFirst edition. _dBoca Raton : CRC Press, 2021 _z9780367245726 _w(DLC) 2021021247 |
| 906 |
_a7 _bcbc _corignew _d1 _eecip _f20 _gy-gencatlg |
||
| 942 |
_2lcc _cBK |
||
| 999 |
_c44254 _d44254 |
||